000 01617cam a2200397 a 4500
001 15856306
003 ARRUPE
005 20150915122219.0
008 090806r20092006enka b 001 0 eng
010 _a 2009455828
015 _aGBA8E1498
_2bnb
016 7 _a014857937
_2Uk
020 _a9781405192606 (pbk.)
020 _a1405192607 (pbk.)
035 _a(OCoLC)ocn288986041
040 _aUKM
_cUKM
_dYDXCP
_dC#P
_dSINIE
_dDLC
042 _alccopycat
050 0 0 _aB317
_b.C58 2006
082 0 4 _a183.2
_222
100 _aAhbel-Rappe, Sara,
_919030
245 0 2 _aA companion to Socrates /
_cedited by Sara Ahbel-Rappe and Rachana Kamtekar.
250 _aPbk. ed.
260 _aChichester, West Sussex ;
_aMalden, Mass. :
_bWiley-Blackwell,
_c2009.
300 _axxiv, 533 p. :
_bill. ;
_c25 cm.
490 1 _aBlackwell companions to philosophy ;
_v34
500 _aOriginally published in hardcover: 2006.
504 _aIncludes bibliographical references and index.
520 _aThis volume presents a survey exploring the profound influence of Socrates on the history of Western philosophy. It also discusses the life of Socrates and key philosophical doctrines associated with him.
600 0 0 _aSocrates.
_911180
700 1 _aAhbel-Rappe, Sara,
_d1960-
_911179
700 1 _aKamtekar, Rachana,
_d1965-
_919031
830 0 _aBlackwell companions to philosophy ;
_v34.
_93342
906 _a7
_bcbc
_ccopycat
_d2
_encip
_f20
_gy-gencatlg
942 _2lcc
_cMONOGRAPH
999 _c123155
_d123155